书目信息 |
| 题名: |
分子生物学与生物技术
|
|
| 作者: | 沃克 , 拉普勒 著 ;谭天伟 译 | |
| 分册: | ||
| 出版信息: | 北京 化学工业出版社 2003 |
|
| 页数: | 418页 | |
| 开本: | 23cm | |
| 丛书名: | ||
| 单 册: | ||
| 中图分类: | Q7 , Q81 | |
| 科图分类: | ||
| 主题词: | 分子生物学 , 生物技术 | |
| 电子资源: | ||
| ISBN: | 7-5025-3702-3 | |
| 000 | 01193nam0 2200301 450 | |
| 001 | 002217885 | |
| 005 | 20030805103533.0 | |
| 010 | @a7-5025-3702-3@dCNY50.00 | |
| 100 | @a20021227d2003 em y0chiy0110 ea | |
| 101 | 1 | @achi@ceng |
| 102 | @aCN@b110000 | |
| 105 | @ay z 001yy | |
| 106 | @ar | |
| 200 | 1 | @a分子生物学与生物技术@Afen zi sheng wu xue yu sheng wu ji shu@f(英)J.M.沃克(J. M. Walker),(英)R.拉普勒(R.Rapley)编@F( ying )J.M. wo ke (J. M. Walker),( ying )R. la pu le (R.Rapley) bian@g谭天伟等译@Gtan tian wei deng yi |
| 210 | @a北京@c化学工业出版社@d2003 | |
| 215 | @a418页@d23cm | |
| 305 | @aThe Royal Society of Chemistry授权出版 | |
| 330 | @a本书对分子生物学和生物技术进行了系统和全面的总结,并介绍了生物技术的最新进展,内容包括:发酵技术,重组DNA技术,细菌、酵母和哺乳动物细胞的DNA克隆表达技术等。 | |
| 510 | 1 | @aMolecular Biology and Biotechnology@zeng |
| 606 | 0 | @a分子生物学 |
| 606 | 0 | @a生物技术 |
| 690 | @aQ7@v4 | |
| 690 | @aQ81@v4 | |
| 701 | 0 | @c(英)@a沃克@Awo ke@c(Walker, J. M.)@4著 |
| 701 | 0 | @c(英)@a拉普勒@Ala pu le@c(Rapley, R.)@4著 |
| 702 | 0 | @a谭天伟@Atan tian wei@4译 |
| 801 | 0 | @aCN@bNLC@c20030806 |
| 905 | @dQ7@e117 @f4 | |
| 分子生物学与生物技术/(英)J.M.沃克(J. M. Walker),(英)R.拉普勒(R.Rapley)编/谭天伟等译.-北京:化学工业出版社,2003 |
| 418页;23cm |
| ISBN 7-5025-3702-3:CNY50.00 |
| 本书对分子生物学和生物技术进行了系统和全面的总结,并介绍了生物技术的最新进展,内容包括:发酵技术,重组DNA技术,细菌、酵母和哺乳动物细胞的DNA克隆表达技术等。 |
| ● |
| 相关链接 |
|
|
|
|
正题名:分子生物学与生物技术
索取号:Q7/117
 
预约/预借
| 序号 | 登录号 | 条形码 | 馆藏地/架位号 | 状态 | 备注 |
| 1 | 0580807 | 205808072 | 第二样本阅览室/ [索取号:Q7/117] | 在馆 | |
| 2 | 0580808 | 205808081 | 密集书库/ [索取号:Q7/117] | 在馆 | |
| 3 | 0580809 | 205808090 | 第三借阅区/ [索取号:Q7/117] | 在馆 | |
| 4 | 0580810 | 205808107 | 密集书库/ [索取号:Q7/117] | 在馆 | |
| 5 | 0580811 | 205808116 | 密集书库/ [索取号:Q7/117] | 在馆 | |
| 6 | 0580812 | 205808125 | 第三借阅区/ [索取号:Q7/117] | 在馆 | |
| 7 | 0580813 | 205808134 | 第三借阅区/ [索取号:Q7/117] | 在馆 | |
| 8 | 0580814 | 205808143 | 密集书库/ [索取号:Q7/117] | 在馆 | |
| 9 | 0850441 | 208504411 | 第三借阅区/ [索取号:Q7/117] | 在馆 | |
| 10 | 0850442 | 208504420 | 密集书库/ [索取号:Q7/117] | 在馆 | |
| 11 | 0850443 | 208504439 | 密集书库/ [索取号:Q7/117] | 在馆 | |
| 12 | 0850444 | 208504448 | 第三借阅区/ [索取号:Q7/117] | 在馆 |